00265nam a2200109Ia 4500008004100000020001800041082001400059100002200073245002700095260001800122500001500140260604s9999 xx 000 0 und d a9781836593294 a158.1 CAR aBy marissa carter 0aPersonality Psychology bEd-Tech Press aPsychology